Sports Quiz

Random Sports or Soccer Quiz
Score 0/21 Timer 03:00
0 Plays Today
Rank Club % Correct
1Arsenal
99%
2Chelsea
98.5%
7Manchester City
95.4%
8Manchester United
95.4%
9-Liverpool
93.3%
3Tottenham Hotspur
92.3%
5West Ham United
82.5%
9-Necastle United
80.9%
19-Sunderland
75.8%
17-Aston Villa
75.3%
12Southampton
74.2%
Rank Club % Correct
4Fulham
73.2%
11Norwich City
64.4%
14-Crystal Palace
64.4%
13Stoke City
59.8%
14-Swansea City
58.2%
19-Cardif City
56.2%
19-Leicester City
42.8%
6Ipswich Town
39.2%
17-Brighton & Hove Albion
39.2%
16Derby County
34.5%

You're not logged in!

Compare scores with friends on all Sporcle quizzes.
OR
Log In

Sporcle TV

Today on Sporcle TV


Watch our educational content, quiz creation guides, and fun videos on Sporcle TV.

Show Comments

Extras

Top Quizzes Today


Score Distribution

Paid Content

Your Account Isn't Verified!

In order to create a playlist on Sporcle, you need to verify the email address you used during registration. Go to your Sporcle Settings to finish the process.

Report this User

Report this user for behavior that violates our Community Guidelines.

Details: